Practical stress management : a comprehensive workbook for managing change and promoting health /

Guardat en:
Dades bibliogràfiques
Autor principal: Romas, John Albert.
Altres autors: Sharma, Manoj.
Format: Llibre
Idioma:English
Publicat: Boston, Mass. : Allyn and Bacon, 2000.
Edició:2nd ed.
Matèries:
Etiquetes: Afegir etiqueta
Sense etiquetes, Sigues el primer a etiquetar aquest registre!
Thư viện lưu trữ: Mạng thư viện Đại học Đà Nẵng
LEADER 00927cam a2200337 i 4500
001 000047580
003 7270
005 20030312163018.0
008 010322|2000 vm 000 eng
020 |a 0205311326 
040 |a IRC  |c IRC  |d IRC 
041 0 |a eng 
082 1 4 |a 155.9042  |b RO-J 
100 1 |a Romas, John Albert. 
245 0 0 |a Practical stress management :  |b a comprehensive workbook for managing change and promoting health /  |c John A. Romas, Manoj Sharma. 
250 |a 2nd ed. 
260 |a Boston, Mass. :  |b Allyn and Bacon,  |c 2000. 
300 |a xvi, 304 p. ;  |c 27.5cm. 
630 0 4 |a Stress management. 
650 0 4 |a Stress management. 
700 1 |a Sharma, Manoj. 
OWN |a DUT 
999 |a From the UDN01 
TYP |a Monograph 
TYP |a Printed language 
980 |a Mạng thư viện Đại học Đà Nẵng